| 000 | 01367cam a2200157 4500500 | ||
|---|---|---|---|
| 005 | 20260322001833.0 | ||
| 041 | _afre | ||
| 042 | _adc | ||
| 100 | 1 | 0 |
_aJan, Malo _eauthor |
| 245 | 0 | 0 | _aLa oposición a las políticas climáticas como estrategia electoral |
| 260 | _c2026. | ||
| 500 | _a25 | ||
| 520 | _aEste artículo analiza la reciente conflictualización de la competencia partidista en materia de ecología, que hasta ahora se había caracterizado principalmente por un tratamiento consensuado de estas cuestiones. Sostiene que la oposición a la ecología es el resultado de la combinación de una mayor saliencia de las cuestiones climáticas y de la transformación de las políticas públicas, cuyos costos económicos se perciben como más elevados. Aunque inicialmente la incitación a la oposición era escasa, estos cambios ofrecieron a los partidos la oportunidad de movilizar a los grupos considerados perdedores de la transición ecológica. Esta hipótesis se comprueba a partir del análisis de la saliencia y las posiciones de los partidos franceses sobre la ecología en sus programas y en las redes sociales. | ||
| 786 | 0 | _nRevue française de science politique | 75 | 3 | 2026-02-05 | p. 459-490 | 0035-2950 | |
| 856 | 4 | 1 | _uhttps://shs.cairn.info/revista-revue-francaise-de-science-politique-2025-3-page-459?lang=es&redirect-ssocas=7080 |
| 999 |
_c1718282 _d1718282 |
||